| 000 | nam a22 7a 4500 | ||
|---|---|---|---|
| 999 |
_c50518 _d50518 |
||
| 003 | OSt | ||
| 005 | 20210226142727.0 | ||
| 008 | 210226b xxu||||| |||| 00| 0 eng d | ||
| 040 | _cIIMT COLLEGE OF MANAGEMENT,GREATER NOIDA | ||
| 100 | _aKUMAR,AMIT | ||
| 245 | _aBUSINESS ENVIRONMENT | ||
| 260 |
_aAGRA _bSAHITYA BHAWAN PUBLICATIONS _c2021 |
||
| 300 | _a489 | ||
| 942 |
_2ddc _c02 |
||